00365nam a2200121Ia 4500008004100000245007300041260003500114260000900149300000800158500001100166650001300177856005300190170516s9999 xx 000 0 und d aAdverse Drug Reactions: Knowledge, Attitude and Practice of Pharmacy bJournal of Pharmaceutical Care c2013 a1:4 aAutumn xPharmacy uhttp://jpc.tums.ac.ir/index.php/jpc/issue/view/4